Catalog

Record Details

Catalog Search



Coaching 101 :  Discover the Power of Coaching /  Robert E. Logan and Sherilyn  Carlton  Cover Image Book Book

Coaching 101 :  Discover the Power of Coaching /  Robert E. Logan and Sherilyn  Carlton 

Logan, Robert E. (Author). Carlton, Sherilyn (Added Author).

Record details

  • ISBN: 1-889638-37-4
  • Physical Description: 124 s.
  • Publisher: St. Charles, Il. :  ChurchSmart Resources ,  2003

Available copies

  • 1 of 1 copy available at Common Catalog SPOK.

Holds

  • 0 current holds with 1 total copy.
Show Only Available Copies
Location Call Number / Copy Notes Barcode Shelving Location Status Due Date
ETS Library 248 424470020391 Volný výběr Available -

LDR nam a22 i 4500
00154815
003CZ-PrJAB
00520230821120114.0
007ta
00820230821s2003 us e 000 0 eng
020 . ‡a1-889638-37-4
040 . ‡aABG450 ‡bcze ‡erda
08214. ‡a248
1001 . ‡aLogan, Robert E.
24510. ‡aCoaching 101 :  ‡bDiscover the Power of Coaching /  ‡nRobert E. Logan and Sherilyn  Carlton 
264 1. ‡aSt. Charles, Il. :  ‡bChurchSmart Resources ,  ‡c2003
300 . ‡a124 s.
336 . ‡atext ‡btxt ‡2rdacontent
338 . ‡asvazek ‡bnc ‡2rdacarrier
7001 . ‡aCarlton, Sherilyn
910 . ‡aABG450
901 . ‡a54815 ‡bAUTOGEN ‡c54815 ‡tbiblio

Additional Resources